Entita

Podrobná bibliografia
Hlavný autor: Kuklová, I. (Autor)
Médium: Článok
Jazyk:slovenčina
Predmet:

MARC

LEADER 00000nab a2200000 a 4500
001 vtls000489935
003 SK-MaSNL
005 20260304014447.0
008 241209c1993 xo 0 slo
015 |a SNBRB19rr/mm-uuuuu 
035 |a CL0490073 
040 |a SNKBUCL  |b slo  |c SNKBUCL  |e AACR2 
041 0 |a slo 
044 |a xo  |c SK 
080 |a 885.4-1  |2 1981 
100 1 |a Kuklová, I.  |4 aut  |9 1143563 
245 1 0 |a Entita  |c I. Kuklová 
655 7 |a slovenská poézia  |2 snkbucl  |9 70444 
655 7 |a články z novín a časopisov  |2 snkbucl  |9 267496 
655 7 |a články z odboru literárna veda a krásna literatúra  |2 snkbucl  |9 770045 
773 0 |t Zrno  |g Roč. 5, č. 6 (1993), s. 17 
850 |a Slovenská národná knižnica 
852 |a Slovenská národná knižnica 
958 |a RK 
958 |a LX 
992 |a RBX 
999 |c 2584859  |d 2586789